000
00213nam a22000977a 4500
999
_c
65175
_d
65172
082
_a
297.562 kHV
100
_a
حضرت امام خمنی
245
_a
تحر یر الوسلیۃ
300
_a
۵۷۰
942
_c
BK